| 000 | 00379nam a2200121 4500 | ||
|---|---|---|---|
| 999 |
_c11125 _d11125 |
||
| 008 | 181012b ||||| |||| 00| 0 eng d | ||
| 100 |
_932153 _aJaymalin, Mayen |
||
| 245 |
_aPhilhealth offers package for children with disabilities/ _cMayen Jaymalin |
||
| 260 |
_aPhilippines _bThe Philippine Star _cc2018 |
||
| 300 | _apage 12. | ||
| 650 | 0 |
_932154 _aHandicapped. |
|
| 942 |
_2ddc _cPER |
||